Vancouver City trivia (HARD) - Statistics

General Stats
  • This quiz has been taken 24 times
    5 since last reset
  • The average score is 11 of 16
Answer Stats
Question Answer % Correct
What mall in Vancouver was known as Tinsletown International Village Mall
100%
What street legally separates East Vancouver from the West Side? (ex. where streets like E 12th ave become W 12th ave..) Ontario St
100%
What year was Vancouver founded 1886
75%
The major street of 9th avenue is called. Broadway
75%
What intersection in Vancouver has the most pedestrian accidents E Hastings & Main
75%
Who was the previous mayor of Vancouver before Ken Sim? Kennedy Stewart
75%
Which intersection or road in Vancouver has the most vehicular accidents? Knight street on/off ramps
75%
In what Vancouver neighbourhood can you find horses, small farms and mansions? Southlands
75%
What community is directly west of Vancouver? University Endowment Lands
75%
Where is Greektown in Vancouver located? W Broadway between McDonald & Trutch
75%
How many people live in the City of Vancouver? 662,248
50%
Who is the long time iconic chief of police of the VPD? Adam Palmer
50%
What is Vancouver's upscale luxury shopping street? Alberni St
50%
When does the gastown steam clock go off? Every 15 mins
50%
Where is "Little Saigon" in Vancouver? Kingsway betwen Fraser and Nanaimo
50%
Which of these is NOT a real beach in Vancouve? Sassamat Beach
50%
No matching quizzes found
Score Distribution
Percent of People with Each Score
Percentile by Number Answered
Your Score History
You have not taken this quiz since the last reset